|
|
|
|
| LEADER |
00000cam a2200000 4500 |
| 001 |
vtls011969851 |
| 003 |
SK-MaSNL |
| 005 |
20260414084815.0 |
| 008 |
210624s2020 xo c grh 000 0dslo |
| 015 |
|
|
|a SNBA2020/10
|
| 020 |
|
|
|a 9788081920851
|q (brožované)
|
| 035 |
|
|
|a urn:nbn:sk:snk-am00eojh
|
| 035 |
|
|
|a urn:nbn:sk:snk-am3ilpo
|
| 035 |
|
|
|a 287E885D-C187-4D7E-9AB0-E0C0A86B6691
|
| 040 |
|
|
|a SNK
|b slo
|c SNK
|e rda
|
| 041 |
1 |
|
|a slo
|h pol
|
| 043 |
|
|
|a e-it---
|
| 044 |
|
|
|a xo
|c SK
|
| 072 |
|
7 |
|a 929
|x Biografie
|2 konspekt
|
| 072 |
|
7 |
|a 27-5
|x Liturgia. Kresťanské umenie a symbolika. Duchovný život
|2 konspekt
|
| 080 |
|
|
|a 27-534.35
|2 2011
|
| 080 |
|
|
|a 2-584
|2 2011
|
| 080 |
|
|
|a (450)
|2 2011
|
| 080 |
|
|
|a (092)
|2 2011
|
| 080 |
|
|
|a 272-184.3
|2 2001
|
| 100 |
1 |
|
|a Bątkiewicz-Brożek, Joanna,
|d 1976-
|4 aut
|9 319741
|
| 240 |
1 |
0 |
|a Różaniec zawierzania z księdzem Dolindo
|l Slovensky
|
| 245 |
1 |
0 |
|a Ruženec odovzdanosti s pátrom Dolindom
|c Joanna Bątkiewiczová-Brożeková ; z poľského originálu Różaniec zawierzania z księdzam Dolindo preložil Juraj Švec
|
| 250 |
|
|
|a Prvé vydanie
|
| 264 |
|
1 |
|a Doľany
|b ZAEX
|c 2020
|
| 300 |
|
|
|a 112 strán
|b portrét
|c 21 cm
|
| 336 |
|
|
|a text
|b txt
|2 rdacontent
|
| 337 |
|
|
|a bez média
|b n
|2 rdamedia
|
| 338 |
|
|
|a zväzok
|b nc
|2 rdacarrier
|
| 504 |
|
|
|a Obsahuje bibliografické odkazy a poznámky
|
| 600 |
1 |
7 |
|a Ruotolo, Dolindo,
|d 1882-1970
|2 SNKMA
|9 319742
|
| 610 |
2 |
7 |
|a Františkáni
|2 SNKKA
|9 174796
|
| 610 |
2 |
7 |
|a Františkáni
|2 SNKKAeng
|9 174796
|
| 650 |
0 |
7 |
|a ruženec
|2 SNKPH
|9 1980
|
| 650 |
0 |
7 |
|a duchovný život
|2 SNKPH
|9 1807
|
| 650 |
0 |
7 |
|a katolícka viera
|2 SNKPH
|9 4023
|
| 650 |
0 |
7 |
|a Rosary
|2 SNKPHeng
|9 267806
|
| 650 |
0 |
7 |
|a Spiritual life
|2 SNKPHeng
|9 265583
|
| 650 |
0 |
7 |
|a Catholic faith
|2 SNKPHeng
|9 267817
|
| 651 |
|
7 |
|a Taliansko
|2 SNKPHgeo
|9 21019
|
| 651 |
|
7 |
|a Italy
|2 SNKPHeng
|9 286419
|
| 655 |
|
7 |
|a biografie
|2 SNKPH
|9 27965
|
| 655 |
|
7 |
|a Biography
|2 SNKPHeng
|9 266314
|
| 700 |
1 |
|
|a Švec, Juraj
|4 trl
|9 319743
|
| 919 |
|
|
|a 978-80-8192-085-1
|
| 958 |
|
|
|a BC
|
| 958 |
|
|
|a NB
|
| 958 |
|
|
|a OP
|
| 958 |
|
|
|a PL
|
| 968 |
|
|
|a SLO
|b POL
|
| 999 |
|
|
|c 693639
|d 695569
|
| 952 |
|
|
|a SNK
|b SNK
|y PREZ
|7 0
|p 17A1428895
|o snkSC 189561
|i snk2020/13170
|8 0
|0 0
|1 0
|4 0
|d 2020-07-23
|f 1
|l 0
|r 2025-10-07 00:00:00
|w 2026-02-23
|
| 952 |
|
|
|a SNK
|b SNK
|y VYP
|7 0
|p 17A1428896
|o snkSC 189561 D1
|i snk2020/13171
|8 0
|0 0
|1 0
|4 0
|d 2020-07-23
|l 0
|r 2026-02-23 20:34:25
|w 2026-02-23
|